Personnages de Pandora Hearts et leurs Chain - Statistiques

Statistiques générales
  • Ce quiz a été pris 34 fois
  • Le résultat moyen est 21 sur 62
Statistiques - réponses
Nom % Correct
Chain Alice (B-Rabbit)
100%
Maison Vessalius Oz Vessalius
100%
Maison Nightray Gilbert Nightray
91%
Maison Vessalius Jack Vessalius
77%
Maison Nightray Vincent Nightray
77%
Maison Rainsworth Xerxes Break (Kevin Regnard)
77%
Maison Nightray Leo
68%
Chain Raven
68%
Maison Nightray Elliot Nightray
64%
Maison Vessalius Oscar Vessalius
64%
Maison Rainsworth Sharon Rainsworth
64%
Baskervilles Lacie
59%
Maison Vessalius Ada Vessalius
55%
Abysse Cheshire
55%
Maison Nightray Echo
55%
Chain Mad Hatter
55%
Maison Barma Rufus Barma
45%
Abysse Volonté de l'Abysse (Alice)
45%
Chain Humpty Dumpty
41%
Chain Jabberwock
41%
Maison Barma Reim Lunettes
41%
Maison Vessalius Zai Vessalius
41%
Chain Le Loir
36%
Baskervilles Charlotte (Lottie)
32%
Chain Demios
32%
Baskervilles Fang
32%
Baskervilles Dug
27%
Chain Duldee/Duldum
27%
Chain Gryffon
27%
Baskervilles Lily
27%
Baskervilles Noise
27%
Baskervilles Oswald (Glen Baskerville)
27%
Maison Rainsworth Sheryl Rainsworth
27%
Maison Barma Arthur Barma
23%
Chain Dodo
23%
Maison Nightray Ernest Nightray
23%
Chain Le Lièvre de Mars
23%
Chain Leon
23%
Baskervilles Levi
23%
Maison Barma Miranda Barma
23%
Maison Rainsworth Shelly Rainsworth
23%
Maison Nightray Vanessa Nightray
23%
Maison Nightray Claude Nightray
18%
Chain Eques
18%
Chain Owl
18%
Non affilités Philippe West
18%
Non affilités William West
18%
Maison Nightray Fred Nightray
14%
Chain Grim
14%
Non affilités Isla Yura
14%
Non affilités Marie
14%
Maison Vessalius Sara Vessalius
14%
Chain Albus
9%
Chain Bandersnatch
9%
Maison Nightray Bernice Nightray
9%
Maison Vessalius Rachel Cecile
9%
Maison Nightray Bernard Nightray
5%
Abysse Coeur de l'Abysse
5%
Maison Nightray Raymond Nightray
5%
Non affilités Rytas
5%
Chain Tove
5%
Chain Lars
0%
Aucun quiz correspondant
Distribution des résultats
% des personnes avec chaque résultat
Percentile par nombre de réponses
Votre historique - résultats
Vous n’avez pas pris ce quiz